000 00425nam a2200109Ia 4500
008 160909s9999 xx 000 0 und d
100 _aLittle, Erica Sherese
245 _aPreparing future leaders in higher education: Excellence practices from staff to mid-level management role transitions
260 _bPepperdine University
_c2016
650 _aMASS COM
856 _uhttp://pqdtopen.proquest.com/doc/1805168273.html?FMT=ABS
999 _c304222
_d304222